| 000 | 01006cab a2200265 4500 | ||
|---|---|---|---|
| 001 | ABS58846 | ||
| 008 | 090401t1998 xxu||||| |||| 00| 0 eng d | ||
| 035 | _a(Sirsi) u87116 | ||
| 041 | _aeng | ||
| 100 | _aBarrie, G. | ||
| 245 | _aSurvey forecasts millennium workload boom | ||
| 260 | _c1998 | ||
| 350 | _a0 | ||
| 490 |
_aBuilding _v263(8044) 19 June 1998, 14-15(2) |
||
| 520 | _aComments on the results of a recent survey undertaken by Gardiner & Theobald which shows an increase in the number and value of projects planned to start after the year 2000, when compared to a survey undertaken in January 1997. Discusses possible reasons for the increase and considers the likely impact of the Far Eastern economic situation. | ||
| 650 | _aCONSTRUCTION MARKET | ||
| 650 | _aFAR EASTERN ECONOMY | ||
| 650 | _aFORECASTS | ||
| 650 | _aLEISURE SECTOR | ||
| 650 | _aPROJECTS | ||
| 650 |
_aUtilities _96272 |
||
| 690 | _aBUILDING AND CONSTRUCTION-ECONOMICS | ||
| 942 | _n0 | ||
| 948 | _c01/07/1998 | ||
| 999 |
_c54906 _d54906 |
||